| 000 | 01026cam a2200277 a 4500 | ||
|---|---|---|---|
| 001 | 4452569 | ||
| 003 | ARRUPE | ||
| 005 | 20130917131616.0 | ||
| 008 | 950619s1995 nyu b 000 0 eng | ||
| 010 | _a 95032603 | ||
| 020 | _a0818907452 (pbk.) | ||
| 040 |
_aDLC _cDLC _dDLC |
||
| 041 | 1 |
_aeng _hita |
|
| 050 | 0 | 0 |
_aBV4647.C5 _bC3213 1995 |
| 082 | 0 | 0 |
_a248.4/7 _220 |
| 100 | 1 |
_aCantalamessa, Raniero. _9262 |
|
| 240 | 1 | 0 |
_aVerginità. _lEnglish |
| 245 | 1 | 0 |
_aVirginity : _ba positive approach to celibacy for the sake of the Kingdom of Heaven / _cRaniero Cantalamessa ; translated by Charles Serignat. |
| 260 |
_aNew York : _bAlba House, _cc1995. |
||
| 300 |
_axii, 96 p. ; _c18 cm. |
||
| 650 | 0 |
_aVirginity _xReligious aspects _xChristianity. _9263 |
|
| 650 | 0 |
_aCelibacy _xChristianity. _9264 |
|
| 906 |
_a7 _bcbc _corignew _d1 _eocip _f19 _gy-gencatlg |
||
| 942 |
_2lcc _cMONOGRAPH |
||
| 999 |
_c117811 _d117811 |
||